Terminal terakhir : kumpulan cerpen penulis-penulis muda Singapura

Bibliographic Details
Format: Book
Published: Kuala Lumpur : DBP , 1992
Subjects:

MARC

LEADER 00000cam a2200000 7i4500
001 0000006415
002 000006924
005 20091007.0
020 |a 9836230165 
090 0 0 |a F   |b TER 
245 0 0 |a Terminal terakhir :   |b kumpulan cerpen penulis-penulis muda Singapura   |c diselanggagrakan oleh Suratman Markasan 
260 |a Kuala Lumpur :   |b DBP ,   |c 1992 
300 |a 245p. ;   |c 18cm. 
650 0 0 |a Short stories, Malay 
999 |a 039453   |b BUKU   |c PINJAMAN   |e PERPUSTAKAAN KOMUNITI PETALING JAYA 
999 |a 039454   |b BUKU   |c PINJAMAN   |e PERPUSTAKAAN KOMUNITI PETALING JAYA